中国汉民族主要传统节日及宗教节日时间(Click) - Statistics

General Stats
  • This quiz has been taken 44 times
  • The average score is 18 of 29
Answer Stats
Hint Answer % Correct
阴历正月初一 新年 (春节)
100%
阴历正月十五 上元 (元宵)
97%
阳历4月5日左右 清明
85%
阴历五月初五 端午
82%
阳历6月21日左右 夏至
82%
阴历八月十五 中秋
82%
阴历二月初二(等日) 龙抬头(中和)/社日(春社)
79%
阴历七月初七 七夕
79%
阴历九月初九 重阳
79%
阴历腊月二十九/三十 除夕
79%
阳历3月21日左右 春分
76%
阳历9月23日左右 秋分
76%
阴历腊月八日 腊日 (腊八)
76%
阴历腊月二十三/二十四 小年/祭灶
76%
阳历12月22日左右 冬至
73%
阴历七月十四/十五 中元/盂兰盆
70%
阳历11月7日左右 立冬
70%
阳历5月6日左右 立夏
67%
阳历8月8日左右 立秋
67%
上一个节日前一或二日 寒食
64%
阴历十月十五 下元
55%
阳历2月4日左右 立春
52%
阴历正月初七 人日
36%
阴历三月初三 上巳
33%
阴历十月初一 寒衣 (授衣)
33%
阴历四月初八 佛诞 (浴佛)
30%
阴历六月初六 晾经/洗晒
21%
阴历正月二十五 填仓
12%
阴历二月十五(等日) 花朝
12%
No matching quizzes found
Score Distribution
Percent of People with Each Score
Percentile by Number Answered
Your Score History
You have not taken this quiz